<?xml version="1.0" encoding="UTF-8"?>
<collection xmlns="http://www.loc.gov/MARC21/slim">
 <record>
  <leader>01947nam a2200241Ia 4500</leader>
  <controlfield tag="001">CTU_108727</controlfield>
  <controlfield tag="008">210402s9999    xx            000 0 und d</controlfield>
  <datafield tag="082" ind1=" " ind2=" ">
   <subfield code="a">813.54</subfield>
  </datafield>
  <datafield tag="082" ind1=" " ind2=" ">
   <subfield code="b">D261</subfield>
  </datafield>
  <datafield tag="100" ind1=" " ind2=" ">
   <subfield code="a">Davis, Kathryn</subfield>
  </datafield>
  <datafield tag="245" ind1=" " ind2="0">
   <subfield code="a">Versailles :</subfield>
  </datafield>
  <datafield tag="245" ind1=" " ind2="2">
   <subfield code="b">a novel</subfield>
  </datafield>
  <datafield tag="245" ind1=" " ind2="0">
   <subfield code="c">Kathryn Davis</subfield>
  </datafield>
  <datafield tag="260" ind1=" " ind2=" ">
   <subfield code="a">Boston</subfield>
  </datafield>
  <datafield tag="260" ind1=" " ind2=" ">
   <subfield code="b">Houghton Mifflin</subfield>
  </datafield>
  <datafield tag="260" ind1=" " ind2=" ">
   <subfield code="c">2002</subfield>
  </datafield>
  <datafield tag="520" ind1=" " ind2=" ">
   <subfield code="a">Davis (The Girl Who Trod on a Loaf) offers a short but poignant meditation on the life of Marie Antoinette and the role of fate in our lives. Much has been written about that queen, but this novel is unique, using Versailles and its Hall of Mirrors as much more than just a building and a room. Versailles was built to reflect the glory and power of Louis XIV, but by the end of the 18th century it had become a cocoon sheltering its inhabitants in a beautiful but artificial world. At the age of 14, Marie leaves her Austrian homeland to join her fiance, the eventual Louis XVI. Never quite at home in France and never really accepted by her subjects, she finds solace in Versailles itself. She flits from room to room, from circumstance to circumstance, unaware of the symbol she has become until it is too late. The portrait that emerges is of a woman hemmed in by fate and her own na‹vet‚, who has her faults but who is nonetheless courageous and devoted to her family. Told from Marie's perspective, this is a refreshing change of pace from the typical historical novel and is highly recommended to all public and most academic libraries. David W. Henderson, Eckerd Coll. Lib., St. Petersburg, FL</subfield>
  </datafield>
  <datafield tag="650" ind1=" " ind2=" ">
   <subfield code="a">Queens,History,Château de versailles (versailles, france),Versailles (france),Marie antoinette queen, consort of louis XVI, king of france, 1755-1793</subfield>
  </datafield>
  <datafield tag="650" ind1=" " ind2=" ">
   <subfield code="x">Fiction,Hiction,Louis XVI,Fiction,Fiction,Fiction</subfield>
  </datafield>
  <datafield tag="650" ind1=" " ind2=" ">
   <subfield code="y">1774-1793</subfield>
  </datafield>
  <datafield tag="650" ind1=" " ind2=" ">
   <subfield code="z">France</subfield>
  </datafield>
  <datafield tag="904" ind1=" " ind2=" ">
   <subfield code="i">Giang</subfield>
  </datafield>
  <datafield tag="980" ind1=" " ind2=" ">
   <subfield code="a">Trung tâm Học liệu Trường Đại học Cần Thơ</subfield>
  </datafield>
 </record>
</collection>
